Agencies by clue #2 - Statistics

General Stats
  • This quiz has been taken 14 times
  • The average score is 6 of 29
Answer Stats
Clue Agency % Correct
19) Oversees prevention of diseases CDC
75%
13) Regulates radio, TV, internet, cableand satellite communications FCC
75%
5) Administers public housing andurban development laws HUD
75%
21) Oversees all air travel FAA
63%
3) Oversees US education system DOE
50%
4) Oversees environmental actionsand protections EPA
50%
9) Provides support to smallerbusinesses and entrepreneurs SBA
50%
2) Provides benefits and care toUS veterans VA
50%
10) Oversees US federal electionsand campaign laws FEC
38%
17) Administers and oversees military forcesand national defense DOD
25%
11) Oversees public health and humanservice education HHS
25%
1) Oversees US highways andtransportation systems DOT
13%
22) Regulates interstate transmission ofenergy, oil, natural gas, etc FERC
13%
28) Manages relations with Native Americans and tribal boundaries BIA
0%
20) Administers protection of the arts andartifacts of Washington DC CFA
0%
12) Enforces civil rights laws and protectionagainst workplace discrimination EEOC
0%
18) Manages federal correctional institutesvia the dept of justice FBOP
0%
14) Oversees US maritime transportationand ocean commerce FMC
0%
26) Thru the DOE, it supplies grants and financial assistance to college students FSA
0%
8) Preservation of documents andhistorical/governmental records NARA
0%
27) Provides credit unions to banks and insurance along with the FDIC NCUA
0%
7) Oversees public health of nuclearsafety and reactor regulations NRC
0%
15) Oversees mental health and substanceabuse prevention and regulation via the HHS SAMHSA
0%
25) Administers requirements for males aged 18to sign up for defense in case of national emergencies SSS
0%
6) Oversees US mint, finance, and currency circulation USDT
0%
24) Oversees/prevents fires and fire emergenciesvia FEMA USFA
0%
29) Protects and maintains US public lands and forests USFS
0%
23) Oversees all science and geographicalmapping systems USGS
0%
30) Administers all patents and trademarks USPTO
0%
No matching quizzes found
Score Distribution
Percent of People with Each Score
Percentile by Number Answered
Your Score History
You have not taken this quiz